| 000 | 00365nam a2200169Ia 4500 | ||
|---|---|---|---|
| 999 |
_c22205 _d22205 |
||
| 003 | 0100 | ||
| 005 | 20190717114238.0 | ||
| 008 | 130303s9999 xx 000 0 und d | ||
| 040 | _cARRUPELIB | ||
| 050 | _aHM101.B74 1987 | ||
| 100 |
_aBrenkman, John _947142 |
||
| 245 | _aCulture and domination | ||
| 260 |
_aIthaca NY _bCornell UP _c1987 |
||
| 300 | _a239p | ||
| 650 |
_aLiterature and Society _940587 |
||
| 942 | 0 | 0 |
_01 _2lcc _cMONOGRAPH |